CD Mirandés Squad 2025-2026 - Statistics

General Stats
  • This quiz has been taken 14 times
    3 since last reset
  • The average score is 11 of 35
Answer Stats
# Position Nation Player % Correct
10 FW Spain Carlos Fernández
100%
19 DF Serbia Nikola Maraš
100%
26 MF Spain Rafel Bauzà
100%
2 DF Spain Hugo Novoa
67%
28 MF Spain Javi Hernández
67%
15 DF Spain Jorge Cabello
67%
4 DF Spain Martín Pascual
67%
30 FW Morocco Salim El Jebari
67%
29 FW Morocco Ali Houary
33%
20 FW Cameroon Etienne Eto'o
33%
3 DF Spain Fernando Medrano
33%
- Coach Spain Fran Justo
33%
9 FW Uruguay Gonzalo Petit
33%
1 GK Montenegro Igor Nikić
33%
24 DF Spain Iker Córdoba
33%
22 DF Spain Juan Gutiérrez
33%
13 GK Spain Juanpa Palomares
33%
19 MF Spain Marino Illescas
33%
11 MF Martinique Mickaël Malsa
33%
17 DF Spain Pablo Pérez
33%
9 FW Spain Siren Diao
33%
27 FW Spain Toni Tamarit
33%
8 MF Spain Aarón Martin
0%
5 DF Spain Adrián Pica
0%
14 FW Spain Alberto Marí
0%
11 MF Spain Álex Cardero
0%
- Coach Spain Antxon Muneta
0%
20 FW Italy Diego Sia
0%
7 FW Spain Iker Varela
0%
18 MF Spain Ismael Barea
0%
- Coach Spain Jesús Galván
0%
29 FW Spain Pablo López
0%
16 MF Spain Selvi Clua
0%
21 DF Spain Sergio Postigo
0%
6 MF Uruguay Thiago Helguera
0%
No matching quizzes found
Score Distribution
Percent of People with Each Score
Percentile by Number Answered
Your Score History
You have not taken this quiz since the last reset